Zmeny štandardov a návrhy zmien

Novela 12-tich predpisov štandardov IFRS.

Gespeichert in:
Bibliographische Detailangaben
1. Verfasser: Tumpach, Miloš, 1970-
Format: Buchkapitel
Sprache:Slowakisch
Schlagworte:
Tags: Tag hinzufügen
Keine Tags, Fügen Sie das erste Tag hinzu!

MARC

LEADER 00000nla$a2200000$$$4500
001 0128473
005 20240502072453.6
041 0 |a slo 
044 |a SK 
245 1 0 |a Zmeny štandardov a návrhy zmien  |c Miloš Tumpach 
520 |a Novela 12-tich predpisov štandardov IFRS. 
610 2 0 |a štandardy účtovné medzinárodné 
610 2 0 |a novelizácia 
610 2 0 |a predpisy 
610 2 0 |a IFRS 
610 2 0 |a IFRIC 
100 1 |a Tumpach, Miloš, 1970-